LIBRARY & INFORMATION CENTRE, KCAET, TAVANUR

ONLINE PUBLIC ACCESS CATALOGUE (OPAC)

Optimization of microwave assisted process for extraction of nutmeg seed essential oil (Record no. 15097)

MARC details
000 -LEADER
fixed length control field 00692nam a22001697a 4500
003 - CONTROL NUMBER IDENTIFIER
control field OSt
088 ## - REPORT NUMBER
Report number P 370
100 ## - MAIN ENTRY--AUTHOR NAME
Personal name SAFEENA P. A
-- SRAVAN RAJ
-- SREELATHA E
-- STENY SIMON
-- THEERTHA M. S
245 ## - TITLE STATEMENT
Title Optimization of microwave assisted process for extraction of nutmeg seed essential oil
260 ## - PUBLICATION, DISTRIBUTION, ETC. (IMPRINT)
Place of publication Tavanur 2017
Name of publisher Kelappaji College of Agricultural Engineering and Technology
300 ## - PHYSICAL DESCRIPTION
Number of Pages 63
500 ## - GENERAL NOTE
General note Optimization of microwave assisted process for extraction of nutmeg seed essential oil
520 ## - SUMMARY, ETC.
Summary, etc Optimization of microwave assisted process for extraction of nutmeg seed essential oil
700 ## - ADDED ENTRY--PERSONAL NAME
Personal name Dr. Prince M. V (Guide)
942 ## - ADDED ENTRY ELEMENTS (KOHA)
Koha item type Project Report

No items available.

free website counter